Špecifikácia rozdielnosti modelov v kontexte s IT Governance

Procesné mapovanie ako súčasť analýzy a modelovania procesov. Kľúčové body procesného mapovania. Modelovanie ako proces vytvárania modelu systému na základe určitých znalostí. Metamodelovanie. GoM metamodel.

Salvato in:
Dettagli Bibliografici
Autore principale: Filanová, Jana, 1967-
Natura: Capitolo di libro
Lingua:slovacco
Soggetti:
Tags: Aggiungi Tag
Nessun Tag, puoi essere il primo ad aggiungerne!!

MARC

LEADER 00000naa$a2200000$$$4500
001 0260839
005 20240502074133.6
041 0 |a slo 
044 |a SK 
245 1 0 |a Špecifikácia rozdielnosti modelov v kontexte s IT Governance  |c Jana Filanová 
520 |a Procesné mapovanie ako súčasť analýzy a modelovania procesov. Kľúčové body procesného mapovania. Modelovanie ako proces vytvárania modelu systému na základe určitých znalostí. Metamodelovanie. GoM metamodel. 
610 2 0 |a modely 
610 2 0 |a modelovanie 
610 2 0 |a technológie informačné 
610 2 0 |a technológie komunikačné 
610 2 0 |a riadenie 
610 2 0 |a procesy podnikové 
100 1 |a Filanová, Jana, 1967-